[Event "URU-ch sf"]
[Site "Montevideo"]
[Date "2020.02.24"]
[Round "6"]
[White "Belbey, Juan J"]
[Black "De los Reyes, Mauro"]
[Result "1-0"]
[WhiteElo "1611"]
[BlackElo "1815"]
[PlyCount "50"]
[EventDate "2020.02.21"]
[EventType "swiss"]
[EventRounds "8"]
[EventCountry "URU"]
[SourceTitle "CBM 195 Extra"]
[Source "ChessBase"]
[SourceDate "2020.05.31"]
[SourceVersion "1"]
[SourceVersionDate "2020.05.31"]
[SourceQuality "1"]

1. c3 c5 2. Na3 d5 3. d4 e6 4. Nc2 Nc6 5. Bf4 Bd6 6. Bg3 Nf6 7. Nf3 cxd4 8. Ncxd4 a6 9. e3 0-0 10. Bd3 Qc7 11. Bh4 Be7 12. Nxc6 bxc6 13. Qc2 h6 14. Nd2 e5 15. e4 Bb7 16. 0-0 Nh5 17. Bxe7 Qxe7 18. Rad1 a5 19. c4 Nf4 20. exd5 Nxd3 21. dxc6 Bxc6 22. Qxd3 Rad8 23. Qc3 e4 24. Nb3 Qg5 25. Qxa5 Qg4 1-0

[Event "URU-ch sf"]
[Site "Montevideo"]
[Date "2020.02.23"]
[Round "4"]
[White "Belbey, Juan J"]
[Black "Manteiga, Franco"]
[Result "0-1"]
[WhiteElo "1611"]
[BlackElo "1703"]
[PlyCount "122"]
[EventDate "2020.02.21"]
[EventType "swiss"]
[EventRounds "8"]
[EventCountry "URU"]
[SourceTitle "CBM 195 Extra"]
[Source "ChessBase"]
[SourceDate "2020.05.31"]
[SourceVersion "1"]
[SourceVersionDate "2020.05.31"]
[SourceQuality "1"]

1. d4 Nf6 2. c4 e6 3. f3 d5 4. Nc3 c5 5. Bg5 cxd4 6. Qxd4 Nc6 7. Qh4 Be7 8. 0-0-0 Qa5 9. e3 h6 10. cxd5 Nxd5 11. Bxe7 Ndxe7 12. Bb5 0-0 13. Nh3 Nf5 14. Qe4 Qb6 15. Rhe1 a6 16. Bd3 Qb4 17. g4 Qxe4 18. Bxe4 Nfe7 19. g5 e5 20. gxh6 Bxh3 21. hxg7 Kxg7 22. Rd6 f5 23. Bc2 Rh8 24. Rg1+ Kf7 25. Nd1 Rad8 26. Bb3+ Ke8 27. Rf6 Kd7 28. Nf2 Rh4 29. Kd2 Kc7+ 30. Ke2 Rdh8 31. Be6 R8h6 32. Rxh6 Rxh6 33. Bb3 e4 34. f4 Bg4+ 35. Nxg4 fxg4 36. Rg2 Kd6 37. Bc2 Ke6 38. Bxe4 Kf6 39. a3 Rh3 40. Rxg4 Rxh2+ 41. Bg2 Rh5 42. e4 Rb5 43. b4 a5 44. e5+ Kf5 45. Rh4 axb4 46. a4 Ra5 47. Ke3 Rxa4 48. Be4+ Ke6 49. Rh6+ Kf7 50. e6+ Kg7 51. Rh7+ Kg8 52. Rf7 b3 53. f5 Rxe4+ 54. Kxe4 b2 55. f6 b1Q+ 56. Kf4 Qb4+ 57. Kg5 Qd2+ 58. Kh5 Qd5+ 59. Kh6 Qxe6 60. Rg7+ Kf8 61. Kh7 Qh3# 0-1

[Event "URU-ch sf"]
[Site "Montevideo"]
[Date "2020.02.22"]
[Round "3"]
[White "Nakle, Gonzalo"]
[Black "Belbey, Juan J"]
[Result "0-1"]
[WhiteElo "1675"]
[BlackElo "1611"]
[PlyCount "120"]
[EventDate "2020.02.21"]
[EventType "swiss"]
[EventRounds "8"]
[EventCountry "URU"]
[SourceTitle "CBM 195 Extra"]
[Source "ChessBase"]
[SourceDate "2020.05.31"]
[SourceVersion "1"]
[SourceVersionDate "2020.05.31"]
[SourceQuality "1"]

1. d4 d5 2. c4 c6 3. Nf3 Nf6 4. g3 Bf5 5. Bg2 e6 6. Nc3 Bd6 7. 0-0 Nbd7 8. c5 Bc7 9. b4 e5 10. dxe5 Nxe5 11. Nd4 Bc8 12. b5 0-0 13. f4 Neg4 14. h3 Nh6 15. bxc6 bxc6 16. Nxc6 Qe8 17. Nxd5 Nxd5 18. Qxd5 Be6 19. Qf3 Nf5 20. Bb2 f6 21. Nd4 Nxd4 22. Bxd4 Rd8 23. e3 Bd5 24. Qf2 Qe6 25. Bxd5 Rxd5 26. Kg2 h5 27. a4 Rb8 28. Rfb1 Rxb1 29. Rxb1 Rxd4 30. Rb7 Qe4+ 31. Kh2 Rd1 32. Qg2 Qxe3 33. Qa2+ Kh8 34. Qg2 Rd2 35. Rxc7 Rxg2+ 36. Kxg2 Qe4+ 37. Kf2 Qc2+ 38. Ke3 Qb3+ 39. Kd4 Qxa4+ 40. Kd5 f5 41. Kd6 Qd4+ 42. Kc6 h4 43. gxh4 Qxf4 44. Rxa7 Qxh4 45. Kb6 Qb4+ 46. Kc6 f4 47. Ra8+ Kh7 48. Rf8 f3 49. Kd6 f2 50. Kd5 Qd2+ 51. Ke6 Qe2+ 52. Kd7 f1Q 53. Rxf1 Qxf1 54. h4 Qc4 55. c6 Qd5+ 56. Kc7 Kg6 57. h5+ Kf6 58. Kb7 Qb5+ 59. Kc7 Ke7 60. h6 gxh6 0-1

[Event "URU-chT"]
[Site "Paysandu"]
[Date "2012.08.04"]
[Round "3.1"]
[White "Belbey, Juan J"]
[Black "Cabrera, Aldo"]
[Result "0-1"]
[WhiteElo "1610"]
[BlackElo "1900"]
[PlyCount "130"]
[EventDate "2012.08.03"]
[EventType "team-swiss"]
[EventRounds "5"]
[EventCountry "URU"]
[SourceTitle "CBM 149 Extra"]
[Source "ChessBase"]
[SourceDate "2012.08.24"]
[SourceVersion "1"]
[SourceVersionDate "2012.08.24"]
[SourceQuality "1"]

1. e4 Nf6 2. e5 Nd5 3. c4 Nb6 4. d4 d6 5. Nf3 Bg4 6. exd6 cxd6 7. Be3 Nc6 8. Nc3 e6 9. h3 Bh5 10. Be2 Be7 11. 0-0 0-0 12. d5 Bxf3 13. Bxf3 Ne5 14. Bxb6 Qxb6 15. b3 Nxf3+ 16. Qxf3 e5 17. Rad1 f5 18. Ne2 Rf6 19. Ng3 Raf8 20. Qe3 Qa5 21. f4 Bd8 22. Kh1 Bb6 23. Qd2 Qxd2 24. Rxd2 e4 25. Ne2 h6 26. Nd4 Bxd4 27. Rxd4 b6 28. Kg1 g5 29. g3 Rg6 30. Kg2 Rf7 31. Kf2 gxf4 32. gxf4 Rfg7 33. a4 Rg2+ 34. Ke1 Rb2 35. Rd2 Rxb3 36. h4 Rb1+ 37. Ke2 Rg1 38. Rxb1 Rxb1 39. a5 Rh1 40. Ke3 Rxh4 41. axb6 axb6 42. Rd1 Rh3+ 43. Kf2 Rb3 44. Ra1 Rb4 45. Ra8+ Kg7 46. Rd8 Rxc4 47. Rxd6 Rd4 48. Rd7+ Kg6 49. Rd8 Kh5 50. d6 Kg4 51. d7 Kxf4 52. Ke1 h5 53. Kf1 h4 54. Rh8 Rxd7 55. Rxh4+ Ke5 56. Rh8 Rb7 57. Re8+ Kf4 58. Ke2 b5 59. Rh8 b4 60. Rh4+ Ke5 61. Kd2 b3 62. Rh1 b2 63. Rb1 Kd4 64. Kd1 Kd3 65. Ke1 Kc2 0-1

[Event "Latin Cup"]
[Site "Montevideo"]
[Date "2011.11.07"]
[Round "8"]
[White "Belbey, Juan J"]
[Black "Gatti, Santiago"]
[Result "1/2-1/2"]
[WhiteElo "1672"]
[BlackElo "1687"]
[PlyCount "109"]
[EventDate "2011.11.01"]
[EventType "swiss"]
[EventRounds "9"]
[EventCountry "URU"]
[SourceTitle "EXT 2012"]
[Source "ChessBase"]
[SourceDate "2011.11.24"]
[SourceVersion "1"]
[SourceVersionDate "2011.11.24"]
[SourceQuality "1"]

1. Nf3 Nf6 2. d3 d5 3. b3 e6 4. Nbd2 Bc5 5. e3 0-0 6. Bb2 Nbd7 7. g3 b6 8. a3 Bb7 9. Bg2 Be7 10. Ne5 Nxe5 11. Bxe5 c5 12. c4 Qd7 13. f3 dxc4 14. Nxc4 Rfd8 15. d4 cxd4 16. Qxd4 Qxd4 17. Bxd4 Rac8 18. 0-0 Ba6 19. Rfc1 Nd5 20. h3 Bf6 21. Bxf6 Nxf6 22. Ne5 Bb7 23. e4 Kf8 24. Bf1 Ke7 25. Bb5 Ne8 26. Nc6+ Bxc6 27. Bxc6 Nd6 28. b4 a6 29. Rc2 Rc7 30. Rac1 Rdc8 31. Ba4 Rxc2 32. Rxc2 Rxc2 33. Bxc2 Nc4 34. a4 a5 35. Bb3 Nd2 36. bxa5 bxa5 37. Bd1 Kd6 38. Kf2 Kc5 39. e5 Kb4 40. g4 Nc4 41. f4 Nb6 42. f5 Nxa4 43. f6 g6 44. h4 Nc5 45. h5 Nb3 46. Ke3 Nc5 47. Kf4 Nd7 48. g5 a4 49. Bc2 a3 50. hxg6 hxg6 51. Bb1 Kc5 52. Ke4 Nb6 53. Ba2 Nd5 54. Bb3 Nc7 55. Ba2 1/2-1/2

[Event "Latin Cup"]
[Site "Montevideo"]
[Date "2011.11.03"]
[Round "4"]
[White "Fernandez Cuneo, Carlos"]
[Black "Belbey, Juan J"]
[Result "1-0"]
[WhiteElo "1865"]
[BlackElo "1672"]
[PlyCount "69"]
[EventDate "2011.11.01"]
[EventType "swiss"]
[EventRounds "9"]
[EventCountry "URU"]
[SourceTitle "EXT 2012"]
[Source "ChessBase"]
[SourceDate "2011.11.24"]
[SourceVersion "1"]
[SourceVersionDate "2011.11.24"]
[SourceQuality "1"]

1. e4 c5 2. Nf3 Nc6 3. d4 cxd4 4. Nxd4 g6 5. Be3 Bg7 6. Nc3 Nf6 7. Be2 0-0 8. h3 Qb6 9. Nb3 Qd8 10. 0-0 d6 11. f4 e5 12. fxe5 Nxe5 13. Bg5 Qb6+ 14. Kh1 Ne8 15. Nd5 Qxb3 16. axb3 f6 17. Be3 Be6 18. Qd2 Bxd5 19. exd5 Rf7 20. Rxa7 Rc8 21. c4 Re7 22. Bh6 Bh8 23. g4 Nf7 24. g5 f5 25. Bd3 Nxh6 26. gxh6 Bd4 27. Raa1 Be3 28. Qg2 Bxh6 29. Bxf5 Rcc7 30. Rae1 Bf4 31. Rxe7 g5 32. Rxc7 b5 33. Qe4 Be5 34. Be6+ Kh8 35. Rf8# 1-0